<?xml version="1.0" encoding="UTF-8"?><?xml-stylesheet type="text/xsl" href="static/style.xsl"?><OAI-PMH xmlns="http://www.openarchives.org/OAI/2.0/" xmlns:xsi="http://www.w3.org/2001/XMLSchema-instance" xsi:schemaLocation="http://www.openarchives.org/OAI/2.0/ http://www.openarchives.org/OAI/2.0/OAI-PMH.xsd"><responseDate>2026-04-17T16:58:40Z</responseDate><request verb="GetRecord" identifier="oai:www.recercat.cat:11351/10555" metadataPrefix="marc">https://recercat.cat/oai/request</request><GetRecord><record><header><identifier>oai:recercat.cat:11351/10555</identifier><datestamp>2025-10-24T10:35:01Z</datestamp><setSpec>com_2072_378070</setSpec><setSpec>com_2072_378040</setSpec><setSpec>col_2072_378092</setSpec></header><metadata><record xmlns="http://www.loc.gov/MARC21/slim" xmlns:dcterms="http://purl.org/dc/terms/" xmlns:xsi="http://www.w3.org/2001/XMLSchema-instance" xmlns:doc="http://www.lyncode.com/xoai" xsi:schemaLocation="http://www.loc.gov/MARC21/slim http://www.loc.gov/standards/marcxml/schema/MARC21slim.xsd">
   <leader>00925njm 22002777a 4500</leader>
   <datafield ind2=" " ind1=" " tag="042">
      <subfield code="a">dc</subfield>
   </datafield>
   <datafield ind2=" " ind1=" " tag="720">
      <subfield code="a">Schuler, Florian</subfield>
      <subfield code="e">author</subfield>
   </datafield>
   <datafield ind2=" " ind1=" " tag="720">
      <subfield code="a">Dequatre‐Ponchelle, Nelly</subfield>
      <subfield code="e">author</subfield>
   </datafield>
   <datafield ind2=" " ind1=" " tag="720">
      <subfield code="a">Rémi, Jan</subfield>
      <subfield code="e">author</subfield>
   </datafield>
   <datafield ind2=" " ind1=" " tag="720">
      <subfield code="a">Dobrocky, Tomas</subfield>
      <subfield code="e">author</subfield>
   </datafield>
   <datafield ind2=" " ind1=" " tag="720">
      <subfield code="a">Goeldlin, Martina</subfield>
      <subfield code="e">author</subfield>
   </datafield>
   <datafield ind2=" " ind1=" " tag="720">
      <subfield code="a">Ribo, Marc</subfield>
      <subfield code="e">author</subfield>
   </datafield>
   <datafield ind2=" " ind1=" " tag="260">
      <subfield code="c">2023-11-08T09:38:24Z</subfield>
   </datafield>
   <datafield ind2=" " ind1=" " tag="260">
      <subfield code="c">2023-11-08T09:38:24Z</subfield>
   </datafield>
   <datafield ind2=" " ind1=" " tag="260">
      <subfield code="c">2023-10-17</subfield>
   </datafield>
   <datafield ind2=" " ind1=" " tag="520">
      <subfield code="a">Prehospital stroke triage; Reperfusion therapy</subfield>
   </datafield>
   <datafield ind2=" " ind1=" " tag="520">
      <subfield code="a">Triaje prehospitalario de ictus; Terapia de reperfusión</subfield>
   </datafield>
   <datafield ind2=" " ind1=" " tag="520">
      <subfield code="a">Triatge prehospitalari d'ictus; Teràpia de reperfusió</subfield>
   </datafield>
   <datafield ind2=" " ind1=" " tag="520">
      <subfield code="a">Background&#xd;
The RACECAT (Transfer to the Closest Local Stroke Center vs Direct Transfer to Endovascular Stroke Center of Acute Stroke Patients With Suspected Large Vessel Occlusion in the Catalan Territory) trial was the first randomized trial addressing the prehospital triage of acute stroke patients based on the distribution of thrombolysis centers and intervention centers in Catalonia, Spain. The study compared the drip‐and‐ship with the mothership paradigm in regions where a local thrombolysis center can be reached faster than the nearest intervention center (equipoise region). The present study aims to determine the population‐based applicability of the results of the RACECAT study to 4 stroke networks with a different degree of clustering of the intervention centers (clustered, dispersed).&#xd;
Methods and Results&#xd;
Stroke networks were compared with regard to transport time saved for thrombolysis (under the drip‐and‐ship approach) and transport time saved for endovascular therapy (under the mothership approach). Population‐based transport times were modeled with a local instance of an openrouteservice server using open data from OpenStreetMap.The fraction of the population in the equipoise region differed substantially between clustered networks (Catalonia, 63.4%; France North, 87.7%) and dispersed networks (Southwest Bavaria, 40.1%; Switzerland, 40.0%). Transport time savings for thrombolysis under the drip‐and‐ship approach were more marked in clustered networks (Catalonia, 29 minutes; France North, 27 minutes) than in dispersed networks (Southwest Bavaria and Switzerland, both 18 minutes).&#xd;
Conclusions&#xd;
Infrastructure differences between stroke networks may hamper the applicability of the results of the RACECAT study to other stroke networks with a different distribution of intervention centers. Stroke networks should assess the population densities and hospital type/distribution in the temporal domain before applying prehospital triage algorithms to their specific setting.</subfield>
   </datafield>
   <datafield ind2=" " ind1=" " tag="520">
      <subfield code="a">M.G. has received grants from the Swiss Academy of Medical Sciences/Bangerter‐Rhyner‐Foundation, Swiss Stroke Society, and Mittelbauvereinigung der Universität Bern as well as a congress grant from Pfizer, not related to this project. J.G. reports being global co‐principal investigator of the STAR Study, NCT01327989; consultancy Medtronic; global co‐principal investigator of SWIFT DIRECT, NCT03192332; consultancy Medtronic; principal investigator: Stroke treatment goes personalized: Gaining added diagnostic yield by computer‐assisted treatment selection (the STRAY‐CATS project), Swiss National Funds 170 060. J.K. reports grants from the Swiss Academy of Medical Sciences/Bangerter Foundation, Swiss Stroke Society, and Clinical Trials Unit Bern during the conduct of the study. T.R.M. reports grants from the Swiss Academy of Medical Sciences/Bangerter Foundation, Swiss National Science Society, and Swiss Heart Foundation during the conduct of the study. U.F. reports research grants from Medtronic for the SWIFT DIRECT trial and BEYOND SWIFT registry, Swiss National Science Foundation, Swiss Heart Foundation; consulting fees from Medtronic, Stryker, and CSL Behring (fees paid to institution); membership of a Data Safety Monitoring Board for the IN EXTREMIS trial and TITAN trial and Portola (Alexion), advisory board (fees paid to institution); and vice presidency of the Swiss Neurological Society. The remaining authors have no disclosures to report.</subfield>
   </datafield>
   <datafield ind1="8" ind2=" " tag="024">
      <subfield code="a">http://hdl.handle.net/11351/10555</subfield>
   </datafield>
   <datafield tag="653" ind2=" " ind1=" ">
      <subfield code="a">Avaluació de resultats (Assistència sanitària)</subfield>
   </datafield>
   <datafield tag="653" ind2=" " ind1=" ">
      <subfield code="a">Triatge (Medicina)</subfield>
   </datafield>
   <datafield tag="653" ind2=" " ind1=" ">
      <subfield code="a">Malalties cerebrovasculars - Tractament</subfield>
   </datafield>
   <datafield tag="653" ind2=" " ind1=" ">
      <subfield code="a">DISEASES::Nervous System Diseases::Central Nervous System Diseases::Brain Diseases::Cerebrovascular Disorders::Stroke</subfield>
   </datafield>
   <datafield tag="653" ind2=" " ind1=" ">
      <subfield code="a">Other subheadings::Other subheadings::/therapy</subfield>
   </datafield>
   <datafield tag="653" ind2=" " ind1=" ">
      <subfield code="a">ANALYTICAL, DIAGNOSTIC AND THERAPEUTIC TECHNIQUES, AND EQUIPMENT::Therapeutics::Drug Therapy::Thrombolytic Therapy</subfield>
   </datafield>
   <datafield tag="653" ind2=" " ind1=" ">
      <subfield code="a">HEALTH CARE::Health Care Facilities, Manpower, and Services::Health Services::Emergency Medical Services::Triage</subfield>
   </datafield>
   <datafield tag="653" ind2=" " ind1=" ">
      <subfield code="a">ANALYTICAL, DIAGNOSTIC AND THERAPEUTIC TECHNIQUES, AND EQUIPMENT::Diagnosis::Prognosis::Treatment Outcome</subfield>
   </datafield>
   <datafield tag="653" ind2=" " ind1=" ">
      <subfield code="a">ENFERMEDADES::enfermedades del sistema nervioso::enfermedades del sistema nervioso central::enfermedades cerebrales::trastornos cerebrovasculares::accidente cerebrovascular</subfield>
   </datafield>
   <datafield tag="653" ind2=" " ind1=" ">
      <subfield code="a">Otros calificadores::Otros calificadores::/terapia</subfield>
   </datafield>
   <datafield tag="653" ind2=" " ind1=" ">
      <subfield code="a">TÉCNICAS Y EQUIPOS ANALÍTICOS, DIAGNÓSTICOS Y TERAPÉUTICOS::terapéutica::farmacoterapia::tratamiento trombolítico</subfield>
   </datafield>
   <datafield tag="653" ind2=" " ind1=" ">
      <subfield code="a">ATENCIÓN DE SALUD::instalaciones, servicios y personal de asistencia sanitaria::servicios de salud::servicios médicos de urgencia::triaje</subfield>
   </datafield>
   <datafield tag="653" ind2=" " ind1=" ">
      <subfield code="a">TÉCNICAS Y EQUIPOS ANALÍTICOS, DIAGNÓSTICOS Y TERAPÉUTICOS::diagnóstico::pronóstico::resultado del tratamiento</subfield>
   </datafield>
   <datafield ind2="0" ind1="0" tag="245">
      <subfield code="a">Geographical Requirements for the Applicability of the Results of the RACECAT Study to Other Stroke Networks</subfield>
   </datafield>
</record></metadata></record></GetRecord></OAI-PMH>